00708nam a2200217 a 450000500170000000800410001702000190005804000200007704100080009708200150010510000170012024500790013726000560021630000280027249000480030050400410034865300220038965300260041165300340043770000190047120240524071240.0211223s2020 enk 000 0 eng d a9780367225315  aDLCbengeAACR20 aeng04a04 895.7091 aKiaer, Jieun10aKorean literature through the Korean wavec/ Jieun Kiaer and Anna Yates-Lu aLondonb: Routledge, Taylor & Francis Groupc, 2020 aix, 240 pages.c; 26 cm aRoutledge studies in East Asian translation aIncludes bibliographical references. 0aKorean literature 0aHistory and criticism 0aPopular culture in literature1 aYates-Lu, Anna